Häufigste Bundesliga-Platzierungen 1–20 - Statistiken

Allgemein
  • Dieses Quiz wurde 556 mal gespielt
    197 seit der letzten Aktualisierung
  • Das Durchschnittsergebnis liegt bei 7 aus 20
Antwortstatistiken
Platz Mannschaft(en) # % Korrekt
1 FC Bayern München 33
100%
3 Borussia Dortmund 7
75%
2 FC Bayern München 10
57%
5 1. FC Köln, Bayer 04 Leverkusen 7
53%
4 Borussia Dortmund 8
53%
6 VfB Stuttgart, Bayer 04 Leverkusen 6
49%
7 Borussia Dortmund 6
33%
18 MSV Duisburg, FC St. Pauli, Hannover 96, Hertha BSC 4
32%
8 Eintracht Frankfurt 6
31%
15 FC Schalke 04, VfL Bochum, Eintracht Frankfurt, Bor. Mönchengladbach, FC Augsburg 4
30%
9 Eintracht Frankfurt 7
28%
17 1. FC Köln 5
27%
10 Borussia Mönchengladbach 6
27%
11 Werder Bremen 7
25%
16 VfL Bochum 5
24%
12 VfB Stuttgart 7
21%
13 Werder Bremen 5
21%
14 VfL Bochum 6
20%
19 MSV Duisburg 1
11%
20 Fortuna Düsseldorf 1
6%
Keine übereinstimmenden Quizze gefunden
Verteilung der Resultate
Anzahl Personen mit jedem Resultat
Perzentil nach korrekt beantworteten Fragen
Ihre Resultats-Entwicklung
Sie haben dieses Quiz seit der letzten Aktualisierung nicht gespielt